The revenue stamps of Slovakia (Record no. 2048)

000 -LEADER
fixed length control field 00379nam a22000977a 4500
008 - FIXED-LENGTH DATA ELEMENTS--GENERAL INFORMATION
fixed length control field 160606b xxu||||| |||| 00| 0 eng d
100 ## - MAIN ENTRY--AUTHOR'S NAME
Author's Name Erler, Martin
245 ## - TITLE STATEMENT
Title The revenue stamps of Slovakia
Remainder of title Die Fiskalmarken der Slovakei
260 ## - PUBLICATION, DISTRIBUTION, ETC. (IMPRINT)
Place of publication, distribution, etc. Icking, Germany
Name of publisher, distributor, etc. ORA Verlag
Date of publication, distribution, etc. 1977
650 ## - TOPICAL TERM (Tag)
Topical term or geographic name Czechoslovakia | Slovakia (1939-1945) | Revenues | Catalogs and Price Lists | Cinderella Material
Holdings
Withdrawn status Lost status Source of classification or shelving scheme Damaged status Koha normalized classification for sorting Not for loan Collection code Permanent Location Current Location Date acquired Total Checkouts Full call number Barcode Date last seen Copy number Price effective from
        G6513 S6 E69   Al Hyman Northern Philatelic Library Northern Philatelic Library 06/06/2016   G6513 S6 E69 1002380 06/06/2016 1 06/06/2016
        G6513 S6 E69   Al Hyman Northern Philatelic Library Northern Philatelic Library 06/06/2016   G6513 S6 E69 1002381 06/06/2016 2 06/06/2016

Powered by Koha